000 00614nam a2200193Ia 4500
005 20250923144853.0
008 008 250917s9999 xx 000 0 eng d
037 _aTextual
040 _aDSWL
_beng
_cDSWL
041 _aeng
_2eng
084 _aY17Z:1.Z25.N4, H8.1
_qDSWL
100 _aFurer-Haimendore, C.Vone
_9829265
245 4 _aThe Raj Gonds of Adilabad,A Peasent Culture of the Decan
_cby C.Vone Furer-Haimendore
260 _aLondan
_bHamilton & Company
_c1948
365 _aINR
_b20
925 _g20
942 _cTEXL
_hY17Z:1.Z25.N4, H8.1
999 _c1444389
_d1444389